| 000 | 01316nam a2200421 a 4500 | ||
|---|---|---|---|
| 001 | vtls000339763 | ||
| 003 | NLI | ||
| 005 | 20210602162929.0 | ||
| 008 | 110113s1996 ii df 000 0 ben | ||
| 020 | _cRs. 70.00 | ||
| 039 | 9 |
_y201101131906 _zVLOAD |
|
| 040 |
_aNLI : _beng _cNLMARC21 |
||
| 041 | 0 | _aben | |
| 044 | _aii | ||
| 082 | 0 | 4 |
_a929.2 _222 |
| 100 | 1 |
_6880-01 _aরায়চৌধুরী, সমীর _d1938- _9506246 |
|
| 245 | 1 | 0 |
_6880-02 _aজমিদার দর্পণে : _bটাকি/ _cসমীর রায়চৌধুরী |
| 260 |
_aকলকাতা : _bটাকি হাউস, _c1996 |
||
| 300 |
_a[8], 223 p., [4] p. of plates : _bchart; _c22 cm. |
||
| 504 | _aIncludes bibliographical references | ||
| 650 | 0 |
_aFamily _xHistory _9494685 |
|
| 650 | 0 |
_aGenealogy _9137002 |
|
| 700 | 1 | _6880-03 | |
| 700 | 1 | _6880-04 | |
| 700 | 1 | _6880-05 | |
| 880 | 1 |
_6100-01(B _aRaycaudhuri, Samir _d1938- |
|
| 880 | 1 | 0 |
_6245-02(B _aJamidar darpane : _btaki _cSamir Raycaudhuri |
| 880 | 1 | _6700-03(B | |
| 880 | 1 | _6700-04(B | |
| 880 | 1 | _6700-05(B | |
| 887 | _aSubrata Biswas | ||
| 901 |
_a55980 _b30.04.98 |
||
| 902 | _aB929.2 Ra8148j | ||
| 904 | _aSubrata Biswas | ||
| 949 |
_AVIRTUAITEM _D10000 _X100 _6DBA000055980BEN |
||
| 942 |
_2ddc _cBKS |
||
| 999 |
_aVIRTUA40 _c299563 _d299563 |
||